000 00599nam a22002057a 4500
005 20260309144908.0
010 _aENG-147881
020 _a9789349001572
_c195.00
035 _aEN-131413
037 _bDBAD
082 _a153.4
_21
100 _aJoshi Nitin
_988175
245 _aLIFE LESSONS/
_cNItin Joshi
250 _a1
260 _amaharastra
_bVishwakarma Publication
_c2025
270 _bPune
_a34A/1;suyog centre;7th Floor ';Gultekadi Marketyard Road;Giridher bhavan Chowk;
_e411037
300 _a130p.
_c21cm (pb)
700 _985906
942 _2ddc
_cEN
_h153.4
_mJOS
999 _c215434
_d215434